[Event "GRE-ch (Women) 36th"]
[Site "Athens"]
[Date "2014.04.06"]
[Round "9"]
[White "Makka, Evanthia"]
[Black "Ikonomopoulou, Maria"]
[Result "0-1"]
[WhiteElo "2119"]
[BlackElo "2102"]
[PlyCount "94"]
[EventDate "2014.03.29"]
[EventType "tourn"]
[EventRounds "9"]
[EventCountry "GRE"]
[SourceTitle "CBM 159 Extra"]
[Source "ChessBase"]
[SourceDate "2014.04.24"]
[SourceVersion "1"]
[SourceVersionDate "2014.04.24"]
[SourceQuality "1"]

1. Nf3 d5 2. g3 c6 3. Bg2 Bg4 4. c4 e6 5. Qc2 Nd7 6. b3 Ngf6 7. Bb2 Bd6 8. d3 0-0 9. 0-0 Qe7 10. a3 a5 11. Nbd2 h6 12. e4 dxe4 13. dxe4 e5 14. h3 Be6 15. Rfe1 Nh5 16. Nf1 f6 17. Nh4 Qf7 18. Nf5 Bc5 19. Bf3 Kh7 20. N1e3 Rg8 21. Kh2 Nb6 22. Qe2 g6 23. Bxh5 gxh5 24. Ng2 a4 25. Qd2 Bxf5 26. exf5 axb3 27. Bc1 Qg7 28. Nh4 Nxc4 29. Qe2 Ra4 30. Rb1 b2 31. Ng6 bxc1Q 32. Rbxc1 b5 33. Qxh5 Bxf2 34. Re2 Bd4 35. Rd1 Ne3 36. Rxe3 Bxe3 37. Rd6 Rxa3 38. Re6 Ra2+ 39. Kh1 Ra1+ 40. Kg2 Bc5 41. Qe2 Qd7 42. h4 Qd5+ 43. Kh3 Ra2 44. Qf1 Rf2 45. Qb1 Qg2+ 46. Kg4 Qf3+ 47. Kh3 Rf1 0-1

[Event "GRE-ch (Women) 36th"]
[Site "Athens"]
[Date "2014.04.05"]
[Round "8"]
[White "Ikonomopoulou, Maria"]
[Black "Markantonaki, Haritomeni"]
[Result "1/2-1/2"]
[WhiteElo "2102"]
[BlackElo "2160"]
[PlyCount "65"]
[EventDate "2014.03.29"]
[EventType "tourn"]
[EventRounds "9"]
[EventCountry "GRE"]
[SourceTitle "CBM 159 Extra"]
[Source "ChessBase"]
[SourceDate "2014.04.24"]
[SourceVersion "1"]
[SourceVersionDate "2014.04.24"]
[SourceQuality "1"]

1. e4 c5 2. Nf3 e6 3. d4 cxd4 4. Nxd4 Nc6 5. Nc3 Qc7 6. Be2 a6 7. 0-0 Nf6 8. Kh1 b5 9. a3 Bb7 10. Bg5 Be7 11. f4 d6 12. Qd3 0-0 13. Nxc6 Bxc6 14. Bf3 Rfd8 15. Qe2 Rac8 16. Rae1 Bb7 17. Qf2 d5 18. exd5 Nxd5 19. Nxd5 Bxd5 20. Bxe7 Qxe7 21. Bxd5 Rxd5 22. f5 e5 23. Rd1 Rxd1 24. Rxd1 Rd8 25. Rxd8+ Qxd8 26. h3 h6 27. Qe3 Qd6 28. Qe4 Kf8 29. Kh2 Ke7 30. Qh4+ Kf8 31. Qe4 Ke7 32. Qh4+ Kf8 33. Qe4 1/2-1/2

[Event "GRE-ch (Women) 36th"]
[Site "Athens"]
[Date "2014.03.31"]
[Round "3"]
[White "Pavlidou, Ekaterini"]
[Black "Ikonomopoulou, Maria"]
[Result "1-0"]
[WhiteElo "2188"]
[BlackElo "2102"]
[PlyCount "65"]
[EventDate "2014.03.29"]
[EventType "tourn"]
[EventRounds "9"]
[EventCountry "GRE"]
[SourceTitle "CBM 159 Extra"]
[Source "ChessBase"]
[SourceDate "2014.04.24"]
[SourceVersion "1"]
[SourceVersionDate "2014.04.24"]
[SourceQuality "1"]

1. d4 d5 2. Nf3 Nf6 3. c4 dxc4 4. e3 Be6 5. Nc3 h6 6. Ne5 c5 7. Qa4+ Nbd7 8. Bxc4 Bxc4 9. Qxc4 e6 10. 0-0 a6 11. Rd1 Rc8 12. Qe2 Be7 13. Nxd7 Nxd7 14. d5 exd5 15. Nxd5 0-0 16. Qg4 Bd6 17. e4 Nf6 18. Qf5 Nxd5 19. Rxd5 Qe7 20. Be3 Rfe8 21. Rad1 Rcd8 22. f3 g6 23. Qg4 Kg7 24. Bf2 b6 25. Bh4 f6 26. Bf2 Qe6 27. Qxe6 Rxe6 28. f4 Kf7 29. e5 fxe5 30. fxe5 Bc7 31. Rxd8 Bxd8 32. Rxd8 Rxe5 33. Rd6 1-0

[Event "GRE-ch (Women) 36th"]
[Site "Athens"]
[Date "2014.03.29"]
[Round "1"]
[White "Ikonomopoulou, Maria"]
[Black "Stefanidi, Maria Anna"]
[Result "1-0"]
[WhiteElo "2102"]
[BlackElo "2058"]
[PlyCount "79"]
[EventDate "2014.03.29"]
[EventType "tourn"]
[EventRounds "9"]
[EventCountry "GRE"]
[SourceTitle "CBM 159 Extra"]
[Source "ChessBase"]
[SourceDate "2014.04.24"]
[SourceVersion "1"]
[SourceVersionDate "2014.04.24"]
[SourceQuality "1"]

1. e4 c5 2. Nf3 d6 3. d4 cxd4 4. Nxd4 Nf6 5. Nc3 g6 6. Be3 Bg7 7. f3 Nc6 8. Qd2 0-0 9. Bc4 Bd7 10. h4 Ne5 11. Bb3 Qa5 12. 0-0-0 Rfc8 13. h5 Nc4 14. Bxc4 Rxc4 15. hxg6 fxg6 16. Kb1 Rac8 17. Nb3 Qc7 18. e5 Rxc3 19. Qxc3 Qxc3 20. bxc3 dxe5 21. Nc5 Bc6 22. c4 Kf7 23. Rhe1 b6 24. Nd3 e4 25. Ne5+ Ke8 26. f4 Ba4 27. Bd4 Bh6 28. g3 Nh5 29. Rh1 Bg7 30. g4 Nxf4 31. Rxh7 Ne6 32. Bb2 b5 33. Nxg6 Rxc4 34. Bxg7 Bxc2+ 35. Kc1 Ba4+ 36. Kd2 Nxg7 37. Rh8+ Kd7 38. Ne5+ Ke6 39. Nxc4 Bxd1 40. Rh6+ 1-0

[Event "GRE-chT 40th"]
[Site "Achaia"]
[Date "2012.07.05"]
[Round "7.10"]
[White "Ikonomopoulou, Maria"]
[Black "Manelidou, Maria"]
[Result "1/2-1/2"]
[WhiteElo "2124"]
[BlackElo "2054"]
[PlyCount "51"]
[EventDate "2012.06.30"]
[EventType "team-swiss"]
[EventRounds "7"]
[EventCountry "GRE"]
[SourceTitle "CBM 149 Extra"]
[Source "ChessBase"]
[SourceDate "2012.08.24"]
[SourceVersion "1"]
[SourceVersionDate "2012.08.24"]
[SourceQuality "1"]
[WhiteTeam "Korydallos"]
[BlackTeam "Panathlitikos Sykeon"]
[WhiteTeamCountry "GRE"]
[BlackTeamCountry "GRE"]

1. e4 e5 2. Nf3 Nc6 3. Bb5 a6 4. Ba4 d6 5. 0-0 Bd7 6. d4 exd4 7. Nxd4 Be7 8. Nc3 Bf6 9. Nxc6 Bxc6 10. Bxc6+ bxc6 11. f4 Ne7 12. Qf3 0-0 13. Ne2 Ng6 14. c3 Re8 15. Ng3 Rb8 16. Rb1 Qd7 17. Bd2 Rb5 18. Nh5 Qe7 19. f5 Nf8 20. Qg4 Kh8 21. c4 Rbb8 22. Nxf6 Qxf6 23. Bc3 Qh6 24. Rf3 f6 25. Rh3 Qg5 26. Qf3 1/2-1/2

[Event "GRE-chT 40th"]
[Site "Achaia"]
[Date "2012.07.03"]
[Round "5.6"]
[White "Ikonomopoulou, Maria"]
[Black "Moser, Eva"]
[Result "0-1"]
[WhiteElo "2124"]
[BlackElo "2469"]
[PlyCount "80"]
[EventDate "2012.06.30"]
[EventType "team-swiss"]
[EventRounds "7"]
[EventCountry "GRE"]
[SourceTitle "CBM 149 Extra"]
[Source "ChessBase"]
[SourceDate "2012.08.24"]
[SourceVersion "1"]
[SourceVersionDate "2012.08.24"]
[SourceQuality "1"]
[WhiteTeam "Korydallos"]
[BlackTeam "Florinas"]
[WhiteTeamCountry "GRE"]
[BlackTeamCountry "GRE"]

1. e4 e6 2. d4 d5 3. Nc3 Nf6 4. Bg5 dxe4 5. Nxe4 Be7 6. Bxf6 gxf6 7. Qd2 Nd7 8. 0-0-0 f5 9. Nc3 Nf6 10. Kb1 a6 11. g3 c5 12. Nge2 cxd4 13. Qf4 Ng4 14. Rxd4 Qb6 15. Qd2 Bf6 16. Rd6 Qxf2 17. Bh3 Ne5 18. Qh6 Ng6 19. Rhd1 b5 20. Nf4 Bb7 21. Bxf5 b4 22. Nxe6 Qxf5 23. Nc7+ Ke7 24. N3d5+ Kxd6 25. Ne3+ Kxc7 26. Nxf5 Rad8 27. Rf1 Bg2 28. Rg1 Be4 29. Qh5 Rd5 30. g4 Rhd8 31. a3 b3 32. Rc1 bxc2+ 33. Ka2 Rb5 34. b3 Kb8 35. Qxh7 Bd5 36. Qh3 Nf4 37. Qe3 Bxb3+ 38. Qxb3 Rxb3 39. Kxb3 Rd3+ 40. Ka4 Rc3 0-1

[Event "GRE-chT 40th"]
[Site "Achaia"]
[Date "2012.07.02"]
[Round "4.4"]
[White "Zawadzka, Jolanta"]
[Black "Ikonomopoulou, Maria"]
[Result "1-0"]
[WhiteElo "2361"]
[BlackElo "2124"]
[PlyCount "59"]
[EventDate "2012.06.30"]
[EventType "team-swiss"]
[EventRounds "7"]
[EventCountry "GRE"]
[SourceTitle "CBM 149 Extra"]
[Source "ChessBase"]
[SourceDate "2012.08.24"]
[SourceVersion "1"]
[SourceVersionDate "2012.08.24"]
[SourceQuality "1"]
[WhiteTeam "Thessaloniki"]
[BlackTeam "Korydallos"]
[WhiteTeamCountry "GRE"]
[BlackTeamCountry "GRE"]

1. c4 e5 2. Nc3 Nc6 3. g3 f5 4. Bg2 Nf6 5. e3 d6 6. d3 Be6 7. Nge2 h5 8. h4 g6 9. b3 Qd7 10. Bb2 Bg7 11. Qd2 0-0 12. 0-0 Rad8 13. Nd5 Nb8 14. Nxf6+ Bxf6 15. d4 Qg7 16. Rfd1 g5 17. hxg5 Bxg5 18. dxe5 dxe5 19. Qc3 Bf6 20. Rxd8 Rxd8 21. Nf4 Bf7 22. Nd5 Bxd5 23. Bxd5+ Kh8 24. Kg2 Nd7 25. Rh1 h4 26. Be6 Re8 27. Bxf5 Kg8 28. Qd2 Nc5 29. Qd5+ Qf7 30. Qxc5 1-0

[Event "GRE-chT 40th"]
[Site "Achaia"]
[Date "2012.07.01"]
[Round "2.3"]
[White "Videnova, Iva"]
[Black "Ikonomopoulou, Maria"]
[Result "1-0"]
[WhiteElo "2313"]
[BlackElo "2124"]
[PlyCount "77"]
[EventDate "2012.06.30"]
[EventType "team-swiss"]
[EventRounds "7"]
[EventCountry "GRE"]
[SourceTitle "CBM 149 Extra"]
[Source "ChessBase"]
[SourceDate "2012.08.24"]
[SourceVersion "1"]
[SourceVersionDate "2012.08.24"]
[SourceQuality "1"]
[WhiteTeam "Chania ADA"]
[BlackTeam "Korydallos"]
[WhiteTeamCountry "GRE"]
[BlackTeamCountry "GRE"]

1. e4 e6 2. d4 d5 3. Nc3 Bb4 4. e5 c5 5. a3 Bxc3+ 6. bxc3 Ne7 7. Qg4 0-0 8. Bd3 f5 9. exf6 Rxf6 10. Bg5 Rf7 11. Qh5 g6 12. Qd1 Qa5 13. Bd2 Nbc6 14. Nf3 e5 15. Nxe5 Nxe5 16. dxe5 Nc6 17. f4 c4 18. Be2 Qc5 19. Qc1 Be6 20. a4 g5 21. g3 Bf5 22. Bf3 Re8 23. Be3 d4 24. cxd4 Nxd4 25. Kf2 gxf4 26. gxf4 Be4 27. Bxe4 Qxe5 28. Bf3 Qf6 29. Rg1+ Kf8 30. Rg3 b6 31. Qa3+ Ree7 32. Rag1 Ke8 33. Bh5 Nxc2 34. Bxf7+ Rxf7 35. Qc1 Qc3 36. Qd2 Qb3 37. Rg8+ Ke7 38. Qd8+ Ke6 39. Re8+ 1-0

[Event "GRE-ch (Women) 34th"]
[Site "Athens"]
[Date "2011.12.02"]
[Round "7"]
[White "Pavlidou, Ekaterini"]
[Black "Ikonomopoulou, Maria"]
[Result "0-1"]
[WhiteElo "2176"]
[BlackElo "2129"]
[PlyCount "96"]
[EventDate "2011.11.26"]
[EventType "tourn"]
[EventRounds "9"]
[EventCountry "GRE"]
[SourceTitle "CBM 145 Extra"]
[Source "ChessBase"]
[SourceDate "2012.01.03"]
[SourceVersion "1"]
[SourceVersionDate "2012.01.03"]
[SourceQuality "1"]

1. d4 d5 2. c4 c6 3. Nf3 Nf6 4. Nc3 e6 5. Bg5 dxc4 6. e4 b5 7. e5 h6 8. Bh4 g5 9. Nxg5 hxg5 10. Bxg5 Nbd7 11. exf6 Bb7 12. g3 c5 13. d5 Nxf6 14. dxe6 Be7 15. Rg1 Qb6 16. Qe2 Rd8 17. h4 fxe6 18. Bh3 Kf7 19. Kf1 b4 20. Bxf6 Bxf6 21. Ne4 c3 22. Qf3 Bxe4 23. Qxe4 cxb2 24. Re1 Rd6 25. Bg4 Qc6 26. Qc2 Qd5 27. Be2 Qd2 28. Qb1 Qc3 29. Kg2 Rd2 30. Qe4 Qd4 31. Qb7+ Qd7 32. Qxd7+ Rxd7 33. Bc4 Rd4 34. Bxe6+ Kg7 35. Re2 Re8 36. Rb1 Rd6 37. Bc4 Rxe2 38. Bxe2 Rd2 39. Kf3 Rc2 40. Bd3 Rc1 41. g4 c4 42. g5 Be5 43. Bf5 c3 44. h5 c2 45. h6+ Kh8 46. Bxc2 Rxc2 47. g6 Rc1 48. g7+ Kg8 0-1

[Event "GRE-chT 39th"]
[Site "Eretria"]
[Date "2011.07.06"]
[Round "5.2"]
[White "Zawadzka, Jolanta"]
[Black "Ikonomopoulou, Maria"]
[Result "1/2-1/2"]
[WhiteElo "2405"]
[BlackElo "2102"]
[PlyCount "107"]
[EventDate "2011.07.03"]
[EventType "team-swiss"]
[EventRounds "7"]
[EventCountry "GRE"]
[SourceTitle "CBM 143 Extra"]
[Source "ChessBase"]
[SourceDate "2011.08.29"]
[SourceVersion "1"]
[SourceVersionDate "2011.08.29"]
[SourceQuality "1"]
[WhiteTeam "Thessaloniki ES"]
[BlackTeam "Korydallos"]
[WhiteTeamCountry "GRE"]
[BlackTeamCountry "GRE"]

1. e4 c5 2. Nf3 Nc6 3. d4 cxd4 4. Nxd4 Nf6 5. Nc3 e5 6. Ndb5 d6 7. Bg5 a6 8. Na3 b5 9. Nd5 Be7 10. Bxf6 Bxf6 11. c4 b4 12. Nc2 a5 13. Be2 Bg5 14. 0-0 0-0 15. Qd3 Be6 16. Rfd1 Rb8 17. Qb3 Qc8 18. a3 bxa3 19. Qxa3 Bxd5 20. Rxd5 Nb4 21. Nxb4 axb4 22. Qb3 Rb6 23. Rad1 Be7 24. Qe3 Qb8 25. Bg4 Rc6 26. Rb5 Qc7 27. b3 Rb8 28. Rxb8+ Qxb8 29. Bd7 Rc5 30. Qe1 Qb7 31. Bb5 g6 32. f3 Qb6 33. Kh1 Rc7 34. Rd5 Qa5 35. Ba4 Rc5 36. Rd1 Qb6 37. Qd2 Kg7 38. g3 h6 39. Kg2 Rc7 40. h4 Rc5 41. Bb5 Qa5 42. Qb2 Rc7 43. Ra1 Qb6 44. Qf2 Qc5 45. Ra6 f5 46. exf5 gxf5 47. Qc2 Qxb5 48. Ra7 Qd7 49. Rxc7 Qxc7 50. Qxf5 Bf6 51. Qg4+ Kh7 52. Qf5+ Kg7 53. Qg4+ Kh7 54. Qf5+ 1/2-1/2

[Event "EU-ch (Women) 12th"]
[Site "Tbilisi"]
[Date "2011.05.07"]
[Round "1"]
[White "Foisor, Cristina Adela B"]
[Black "Ikonomopoulou, Maria"]
[Result "1-0"]
[WhiteElo "2414"]
[BlackElo "2121"]
[PlyCount "35"]
[EventDate "2011.05.07"]
[EventType "swiss"]
[EventRounds "11"]
[EventCountry "GEO"]
[SourceTitle "CBM 142 Extra"]
[Source "ChessBase"]
[SourceDate "2011.06.27"]
[SourceVersion "1"]
[SourceVersionDate "2011.06.27"]
[SourceQuality "1"]

1. Nf3 Nf6 2. g3 c5 3. c4 d5 4. Bg2 Nc6 5. 0-0 e5 6. cxd5 Nxd5 7. d3 Be7 8. Nc3 Nc7 9. b3 0-0 10. Bb2 Bg4 11. Rc1 f6 12. Ne4 b6 13. Ba3 Qd7 14. Qc2 Rac8 15. e3 Rfd8 16. Rfd1 Bd6 17. Rd2 Kh8 18. Qb1 1-0

[Event "London Classic (Women)"]
[Site "London"]
[Date "2010.12.08"]
[Round "1"]
[White "Ikonomopoulou, Maria"]
[Black "Van Weersel, Arlette"]
[Result "0-1"]
[WhiteElo "2160"]
[BlackElo "2186"]
[PlyCount "92"]
[EventDate "2010.12.06"]
[EventType "tourn"]
[EventRounds "9"]
[EventCountry "ENG"]
[SourceTitle "CBM 139 Extra"]
[Source "ChessBase"]
[SourceDate "2011.01.05"]
[SourceVersion "1"]
[SourceVersionDate "2011.01.05"]
[SourceQuality "1"]

1. e4 e5 2. Nf3 Nc6 3. Bb5 a6 4. Ba4 Nf6 5. 0-0 Be7 6. Re1 b5 7. Bb3 d6 8. c3 0-0 9. h3 Na5 10. Bc2 c5 11. d4 Qc7 12. Nbd2 Nc6 13. d5 Nd8 14. a4 Rb8 15. axb5 axb5 16. b4 c4 17. Nf1 Ne8 18. N3h2 f6 19. f4 Nf7 20. Nf3 g6 21. f5 Ng7 22. g4 Bd7 23. Be3 Ra8 24. Qd2 Qb7 25. Rac1 Ra2 26. Ng3 Rfa8 27. h4 Bd8 28. Kh1 R8a3 29. Rg1 Bb6 30. Bxb6 Qxb6 31. Rcf1 Qd8 32. g5 fxg5 33. fxg6 hxg6 34. hxg5 Bg4 35. Nh2 Bh3 36. Rf6 Nh8 37. Rf3 Rb3 38. Nhf1 Bxf1 39. Nxf1 Rbb2 40. Ne3 Nh5 41. Qh2 Nf4 42. Rf2 Nd3 43. Rd2 Qf8 44. Rf1 Nf4 45. Ng4 Qg7 46. Nf6+ Kf8 0-1

[Event "GRE-ch (Women) 33rd"]
[Site "Chania"]
[Date "2010.11.27"]
[Round "5"]
[White "Makropoulou, Marina"]
[Black "Ikonomopoulou, Maria"]
[Result "1-0"]
[WhiteElo "2268"]
[BlackElo "2160"]
[PlyCount "57"]
[EventDate "2010.11.23"]
[EventType "tourn"]
[EventRounds "9"]
[EventCountry "GRE"]
[SourceTitle "CBM 139 Extra"]
[Source "ChessBase"]
[SourceDate "2011.01.05"]
[SourceVersion "1"]
[SourceVersionDate "2011.01.05"]
[SourceQuality "1"]

1. e4 e6 2. Nf3 d5 3. Nc3 d4 4. Ne2 c5 5. Ng3 a6 6. a4 Nc6 7. Bc4 Bd6 8. d3 Nf6 9. Qe2 Qc7 10. 0-0 0-0 11. Bd2 b6 12. Rae1 Nd7 13. Ng5 Rb8 14. f4 h6 15. e5 Be7 16. N5e4 b5 17. axb5 axb5 18. Bb3 Ba6 19. Nh5 Kh8 20. Rf3 Ndxe5 21. fxe5 Nxe5 22. Rh3 Ng6 23. Nxg7 Kxg7 24. Bxh6+ Kg8 25. Qh5 Qe5 26. Bg5 Qg7 27. Nf6+ Bxf6 28. Bxf6 Nf4 29. Qh8+ 1-0

[Event "Aegean op 33rd"]
[Site "Aghios Kirykos"]
[Date "2010.07.15"]
[Round "4"]
[White "Tepelenis, Nikolaos"]
[Black "Ikonomopoulou, Maria"]
[Result "1/2-1/2"]
[WhiteElo "2224"]
[BlackElo "2066"]
[PlyCount "35"]
[EventDate "2010.07.13"]
[EventType "swiss"]
[EventRounds "9"]
[EventCountry "GRE"]
[SourceTitle "CBM 137 Extra"]
[Source "ChessBase"]
[SourceDate "2010.09.01"]
[SourceVersion "1"]
[SourceVersionDate "2010.09.01"]
[SourceQuality "1"]

1. d4 Nf6 2. c4 e6 3. g3 d5 4. Bg2 Be7 5. Nf3 0-0 6. 0-0 dxc4 7. Qc2 a6 8. a4 Bd7 9. Qxc4 Bc6 10. Bg5 Nbd7 11. Nc3 Rc8 12. Rfd1 Nd5 13. Bd2 Nxc3 14. Qxc3 Bf6 15. Qc2 Bxf3 16. Bxf3 Bxd4 17. Bxb7 Rb8 18. Bxa6 1/2-1/2

[Event "GRE-chT Div-A 38th"]
[Site "Peristeri"]
[Date "2010.07.11"]
[Round "7"]
[White "Ikonomopoulou, Maria"]
[Black "Fatourou, Eleni"]
[Result "1-0"]
[WhiteElo "2066"]
[BlackElo "1896"]
[PlyCount "59"]
[EventDate "2010.07.05"]
[EventType "team-swiss"]
[EventRounds "7"]
[EventCountry "GRE"]
[SourceTitle "CBM 137 Extra"]
[Source "ChessBase"]
[SourceDate "2010.09.01"]
[SourceVersion "1"]
[SourceVersionDate "2010.09.01"]
[SourceQuality "1"]

1. e4 d5 2. exd5 Qxd5 3. Nc3 Qd6 4. d4 Nf6 5. Nf3 a6 6. g3 Bg4 7. Bg2 Nc6 8. 0-0 0-0-0 9. d5 Nxd5 10. Nxd5 Qxd5 11. Qxd5 Rxd5 12. Ng5 Rf5 13. f3 h6 14. Ne4 Nd4 15. fxg4 Rxf1+ 16. Kxf1 Nxc2 17. Rb1 e6 18. Bf4 Nb4 19. Rc1 Nd5 20. Nd6+ Bxd6 21. Bxd6 Ne3+ 22. Kg1 Kd7 23. Bf4 Nd5 24. Bxd5 exd5 25. Rxc7+ Ke6 26. Rxb7 d4 27. Kf2 g5 28. Bd2 Kd5 29. Rd7+ Kc4 30. Rxd4+ 1-0

[Event "EU-ch (Women) 11th"]
[Site "Rijeka"]
[Date "2010.03.17"]
[Round "11"]
[White "Shaydullina, Sandugach"]
[Black "Ikonomopoulou, Maria"]
[Result "0-1"]
[WhiteElo "2218"]
[BlackElo "2081"]
[PlyCount "103"]
[EventDate "2010.03.06"]
[EventType "swiss"]
[EventRounds "11"]
[EventCountry "CRO"]
[SourceTitle "CBM 135 Extra"]
[Source "ChessBase"]
[SourceDate "2010.05.04"]
[SourceVersion "1"]
[SourceVersionDate "2010.05.04"]
[SourceQuality "1"]

1. Nf3 Nf6 2. c4 c5 3. d4 cxd4 4. Qxd4 Nc6 5. Qd3 d5 6. cxd5 Qxd5 7. Qxd5 Nxd5 8. a3 Bg4 9. Nbd2 g6 10. e3 Bg7 11. h3 Bd7 12. Bc4 Nc7 13. Ba2 0-0 14. 0-0 Be6 15. Bb1 h6 16. Bc2 Rfd8 17. Nb3 b6 18. Nbd4 Bd5 19. Nxc6 Bxc6 20. Nd4 Bd5 21. Ba4 Ne6 22. Nc6 Bxc6 23. Bxc6 Rac8 24. Bf3 Nc5 25. Rb1 Nb3 26. a4 Rc4 27. Be2 Rxa4 28. Bd1 Rb4 29. Bxb3 Rxb3 30. Ra1 a5 31. g4 Rb4 32. Ra2 Rd3 33. f4 Rdb3 34. Rf2 Rc4 35. Ra1 a4 36. f5 Be5 37. fxg6 fxg6 38. g5 a3 39. gxh6 axb2 40. Ra8+ Kh7 41. Bxb2 Rxb2 42. Rxb2 Bxb2 43. Rb8 Rb4 44. Rb7 Bf6 45. Kf2 Kxh6 46. Kf3 Rb3 47. Kg4 b5 48. Rb6 b4 49. e4 Rb2 50. h4 b3 51. e5 Bxe5 52. h5 0-1

[Event "EU-ch (Women) 11th"]
[Site "Rijeka"]
[Date "2010.03.12"]
[Round "7"]
[White "Ikonomopoulou, Maria"]
[Black "Efroimski, Marsel"]
[Result "0-1"]
[WhiteElo "2081"]
[BlackElo "2178"]
[PlyCount "46"]
[EventDate "2010.03.06"]
[EventType "swiss"]
[EventRounds "11"]
[EventCountry "CRO"]
[SourceTitle "CBM 135 Extra"]
[Source "ChessBase"]
[SourceDate "2010.05.04"]
[SourceVersion "1"]
[SourceVersionDate "2010.05.04"]
[SourceQuality "1"]

1. e4 c6 2. d4 d5 3. Nc3 dxe4 4. Nxe4 Nd7 5. Bc4 Ngf6 6. Qe2 Nxe4 7. Qxe4 Nf6 8. Qh4 Bf5 9. c3 e6 10. f3 Be7 11. Qf2 0-0 12. Ne2 b5 13. Bb3 c5 14. dxc5 Nd7 15. Be3 Ne5 16. Nc1 Qc7 17. 0-0 Rac8 18. a4 a6 19. Re1 Rfd8 20. Bd4 Nd7 21. axb5 axb5 22. c6 Qxc6 23. Qg3 Bg6 0-1

[Event "London Classic (Women)"]
[Site "London"]
[Date "2009.12.15"]
[Round "9"]
[White "Ikonomopoulou, Maria"]
[Black "Lalic, Susan"]
[Result "0-1"]
[WhiteElo "2065"]
[BlackElo "2310"]
[PlyCount "72"]
[EventDate "2009.12.08"]
[EventType "tourn"]
[EventRounds "9"]
[EventCountry "ENG"]
[SourceTitle "CBM 133 Extra"]
[Source "ChessBase"]
[SourceDate "2010.01.05"]
[SourceVersion "1"]
[SourceVersionDate "2010.01.05"]
[SourceQuality "1"]

1. e4 c6 2. d4 d5 3. e5 c5 4. dxc5 Nc6 5. Nf3 Bg4 6. Bb5 e6 7. b4 Nge7 8. Bb2 Ng6 9. 0-0 Be7 10. Nbd2 0-0 11. Bxc6 bxc6 12. h3 Bxf3 13. Nxf3 a5 14. a3 Qb8 15. Bc3 Qb7 16. Qd2 Ra6 17. Rfe1 Rfa8 18. Qd4 Bd8 19. Nd2 Ne7 20. g4 Nc8 21. Nb3 Na7 22. Qd3 Nb5 23. Bb2 axb4 24. axb4 Ra2 25. Rxa2 Rxa2 26. c4 Nc7 27. Bc3 Bh4 28. Re2 dxc4 29. Qxc4 Rxe2 30. Qxe2 Nd5 31. Qd2 Qa6 32. Na5 h6 33. Bd4 Qb5 34. Bc3 Bg5 35. Qe1 Qd3 36. b5 Qxb5 0-1

[Event "London Classic (Women)"]
[Site "London"]
[Date "2009.12.14"]
[Round "8"]
[White "Yurenok, Maria S"]
[Black "Ikonomopoulou, Maria"]
[Result "0-1"]
[WhiteElo "1968"]
[BlackElo "2065"]
[PlyCount "97"]
[EventDate "2009.12.08"]
[EventType "tourn"]
[EventRounds "9"]
[EventCountry "ENG"]
[SourceTitle "CBM 133 Extra"]
[Source "ChessBase"]
[SourceDate "2010.01.05"]
[SourceVersion "1"]
[SourceVersionDate "2010.01.05"]
[SourceQuality "1"]

1. f4 d5 2. Nf3 Nf6 3. e3 c5 4. d4 Nbd7 5. c3 g6 6. Bd3 Bg7 7. 0-0 b6 8. Ne5 Bb7 9. Nd2 0-0 10. Qf3 Ne8 11. Qh3 Nxe5 12. fxe5 Nc7 13. Nf3 Ne6 14. Bd2 a6 15. Rad1 b5 16. Bb1 Qb6 17. Kh1 a5 18. Be1 b4 19. Qh4 Qc7 20. dxc5 bxc3 21. Bxc3 Nxc5 22. Ng5 h6 23. Nf3 Rac8 24. Bd4 Ne4 25. Nd2 Nxd2 26. Rxd2 Kh7 27. Qf4 Ba6 28. Re1 Qd7 29. h4 Rc4 30. h5 Qe6 31. Qg3 Rfc8 32. hxg6+ fxg6 33. Rdd1 Rf8 34. a3 a4 35. Bd3 Rc6 36. Bb1 Bc4 37. Rd2 Rf1+ 38. Rxf1 Bxf1 39. Bd3 Rc1 40. Kh2 Bxd3 41. Rxd3 Qf5 42. Rd2 Qf1 43. Qf2 Qh1+ 44. Kg3 h5 45. Qf4 Rc8 46. Bc3 Rf8 47. Qh4 Qe1+ 48. Kh3 Qxe3+ 49. Qg3 0-1